| 000 | 00705nam a2200253 a 4500 | ||
|---|---|---|---|
| 001 | 67197 | ||
| 003 | BD-RjUL | ||
| 005 | 20211209081627.0 | ||
| 008 | 950403s1997 nyua 001 0 eng | ||
| 020 | _a082736766X | ||
| 035 | _a(BD-RjUL)67328 | ||
| 040 |
_aDLC _cDLC _dDLC _dBD-RjUL _beng |
||
| 041 | _aeng | ||
| 082 | 0 | 0 |
_223 _a635 _bREI 1997 |
| 100 | 1 |
_aReiley, H. Edward. _9199065 |
|
| 245 | 1 | 0 |
_aIntroductory horticulture / _cH. Edward Reiley & Carroll L. Shry |
| 250 | _a5th ed. | ||
| 260 |
_aAlbany, N.Y. : _bDelmar, _cc1997. |
||
| 300 |
_ax, 548 p. : _bill. ; _c29 cm. |
||
| 500 | _aIncludes index. | ||
| 650 | 0 |
_aHorticulture. _9199066 |
|
| 700 | 1 |
_aShry, Carroll L. _9199067 |
|
| 942 |
_2ddc _cBK |
||
| 999 |
_c67197 _d67197 |
||